Ba Giai Tú Xuất: Con người và giai thoại

Na minha lista:
Detalhes bibliográficos
Formato: Livro
Publicado em: 2007
Tags: Adicionar Tag
Sem tags, seja o primeiro a adicionar uma tag!
Thư viện lưu trữ: Mạng thư viện Đại học Đà Nẵng
LEADER 00460nam a22001811a 4500
001 000040871
003 17166
005 20160412023703.0
008 160412s2007 000
082 |a V(23)108-09 
245 |a Ba Giai Tú Xuất: Con người và giai thoại  |c Vũ Văn Luân 
260 |c 2007 
OWN |a LNN 
999 |a From the UDN01 
TYP |a Monograph 
980 |a Mạng thư viện Đại học Đà Nẵng